MARC

LEADER 00000nam a2200000 4500
001 vtls012135202
003 SK-MaSNL
005 20260331211904.0
008 220516s2021 sw o e 000 0deng
015 |a SNBZSA2022/07 
020 |a 9789198656626 
040 |a SNK  |b slo  |c SNK  |e rda 
041 0 |a eng 
043 |a e-xo--- 
044 |a sw  |c SE 
072 7 |a 77  |x Fotografia. Fotografické postupy  |2 konspekt 
080 |a 77.04  |2 2011 
080 |a 7.038.54  |2 2011 
080 |a 7.036/.038  |2 2011 
080 |a 797.2.02  |2 2011 
080 |a 7.04  |2 2011 
080 |a (437.6)  |2 2011 
080 |a (084.12)  |2 2011 
100 1 |a Švarbová, Mária,  |d 1988-  |4 art  |4 aut  |9 369376 
245 1 0 |a Svarbova  |b swimming pools  |c text: Maria Modrovichova, Maria Svarbova 
246 3 0 |a Swimming pools 
264 1 |a [Malmö]  |b New Heroes & Pioneers  |c 2021 
300 |a 256 strán  |b fotografie  |c 31 cm 
336 |a text  |b txt  |2 rdacontent 
336 |a statický obraz  |b sti  |2 rdacontent 
337 |a bez média  |b n  |2 rdamedia 
338 |a zväzok  |b nc  |2 rdacarrier 
600 1 7 |a Švarbová, Mária,  |d 1988-  |2 SNKMA  |9 369376 
648 7 |a 21. storočie  |2 SNKPH  |9 301294 
648 7 |a 21st century  |2 SNKPHeng  |9 303236 
650 0 7 |a umelecká fotografia  |2 SNKPH  |9 29370 
650 0 7 |a konceptuálne umenie  |2 SNKPH  |9 68092 
650 0 7 |a moderné umenie  |2 SNKPH  |9 68456 
650 0 7 |a plavecké bazény  |2 SNKPH  |9 3011 
650 0 7 |a umelecké námety  |2 SNKPH  |9 2885 
650 0 7 |a Artistic photography  |2 SNKPHeng  |9 311568 
650 0 7 |a Conceptual art  |2 SNKPHeng  |9 313328 
650 0 7 |a Modern art  |2 SNKPHeng  |9 294689 
650 0 7 |a Swimming pools  |2 SNKPHeng  |9 369377 
650 0 7 |a Artistic themes  |2 SNKPHeng  |9 99790 
651 7 |a Slovensko  |2 SNKPH  |9 14231 
651 7 |a Slovakia  |2 SNKPHeng  |9 92630 
655 7 |a fotografické publikácie  |2 SNKPH  |9 70483 
655 7 |a Photographic publication  |2 SNKPHeng  |9 266858 
700 1 |a Modrovich, Mária,  |d 1977-  |4 aut  |9 151936 
919 |a 978-91-986566-2-6 
954 |a obrazové publikácie zamerané na výtvarné umenie a fotografiu pôvodné (slovenské) 
958 |a ZS 
999 |c 613644  |d 615574 
952 |a SNK  |b SNK  |y PREZ  |7 0  |p 17A1490241  |o snkSB 98072  |i snk2022/7922  |8 3  |g 64.74  |0 0  |1 0  |4 0  |d 2022-05-16  |l 0  |r 2025-05-16 00:00:00  |w 2026-02-23